Outsourcing v ochodno-podnikateľských službách bakalárska práca

Saved in:
Bibliographic Details
Main Author: Harová, Eva
Corporate Author: Obchodná fakulta EU. Katedra služieb a cestovného ruchu - zrušené
Other Authors: Kovaříková, Barbora
Format: Book
Language:Slovak
Published: Bratislava 2012
Tags: Add Tag
No Tags, Be the first to tag this record!

MARC

LEADER 00000nbm a2200000 4500
001 0154444
005 20161109111844.3
041 0 |a slo 
044 |a SK 
245 1 0 |a Outsourcing v ochodno-podnikateľských službách  |b bakalárska práca  |c Eva Harová ; školiteľ: Barbora Kovaříková 
264 1 |a Bratislava  |c 2012 
300 |a 30 s. 
100 1 |a Harová, Eva 
700 1 |a Kovaříková, Barbora 
710 2 |a Obchodná fakulta EU. Katedra služieb a cestovného ruchu - zrušené